000 00780nam0a22002531 4500
001 rc\347334
005 20250621051351.0
010 _a5-244-00448-4
_950000
035 _a(NLR Aleph) 005590528
090 _a6207619
_c6207619
100 _a20030307d1989 |||y0rusy50 ca
101 0 _arus
102 _aRU
105 _aa |||||||||
200 1 _aВек океана
_e[Сборник
_fСост. Б.Т. Воробьев и др.]
210 _aМ.
_cМысль
_d1989
215 _a412, [1] с.
_cил.
_d22
702 1 _4220
_aВоробьев
_bБ. Т.
_cписатель
_f1932-
_gБорис Тимофеевич
_9132495
_3RU\NLR\AUTH\770132529
801 0 _aRU
_bNLR
_gpsbo
801 1 _aRU
_bELAR
_2rusmarc
852 _aNLR
_j89-5/7191
942 _cBOOK
980 _aNB